000 01039nam0a22002531 4500
001 rc\4523599
005 20260406202144.0
035 _a(NLR Aleph) 008352209
090 _a8944816
_c8944816
100 _a20130416d1957 |||y0rusy50 ca
101 0 _arus
_aest
102 _aRU
105 _ay z |||||
200 1 _aПостановление V Республиканской конференции добровольного спортивного общества "Калев" профсоюзов Эстонской ССР от 30 марта 1957 г.
_fЦентр. совет добровольного спортивного о-ва "Калев"
210 _aTallinn
_cБ. и.
_d1957
215 _a20 с.
_d20
300 _aТекст парал. на рус. и эст. яз.
710 0 2 _a"Калев", спортивное о-во
_bКонф.
_cТаллин
_d1957
_f5
_9420396
_3RU\NLR\AUTH\889962021
801 0 _aRU
_bNLR
_gpsbo
801 1 _aRU
_bELAR
_2rusmarc
852 _aNLR
_bОНЛ
942 _cBOOK
980 _aNB